00486nam a2200193 a 4500001001300000003000900013005001700022008004100039020001000080082001500090100001600105245001700121260003000138300000900168500003500177505004200212650002200254700001600276nice12345678IN_TiNIC20260116012932.0050524s1986 u sa grp 000 0 eng  ac10000a269.2bDEL aDelve, Eric aTo Boldly Go aU S AbVictor Booksc1986 a132p aincludes index and biblioraphy2 aAppendix a to B, Notes, Summary Sheet aEvangelistic Work1 aDelve, Eric